Postavenie OPEC vo svetovom hospodárstve

Na minha lista:
Detalhes bibliográficos
Autor principal: Grešš, Martin, 1978-
Formato: Capítulo de Livro
Idioma:eslovaco
Tags: Adicionar Tag
Sem tags, seja o primeiro a adicionar uma tag!

MARC

LEADER 00000naa$a2200000$$$4500
001 0126883
005 20240502072439.5
041 0 |a slo 
044 |a SK 
245 1 0 |a Postavenie OPEC vo svetovom hospodárstve  |c Martin Grešš 
100 1 |a Grešš, Martin, 1978-